| 000 | 00386nam a22001337a 4500 | ||
|---|---|---|---|
| 082 | _aBE-EE-3 | ||
| 100 |
_aSumesh Kumar _992363 |
||
| 245 | _aFPGA Based Video Warper | ||
| 260 |
_aIslamabad _bNUST-SEECS _c2015 |
||
| 300 |
_a56 _eCD Include |
||
| 500 | _aSupervisors: Dr. Rehan Hafiz, Dr. Murtaza Khan | ||
| 856 | _uhttp://10.250.8.41:8080/xmlui/handle/123456789/10800 | ||
| 942 |
_cPR _2ddc |
||
| 999 |
_c13266 _d13266 |
||